| 000 | 00946nam a2200277 i 4500 | ||
|---|---|---|---|
| 001 | 113452 | ||
| 003 | ES-MaACL | ||
| 005 | 20230906185910.0 | ||
| 007 | t| | ||
| 008 | 061121s1954 ve r ||||1| spa d | ||
| 080 | _a86.0(87)-321.2"19" | ||
| 100 | 1 |
_aPalacios, Lucila. _988411 |
|
| 245 | 1 | 0 |
_aTres palabras y una mujer ; _bseguida de La gran serpiente ; Niebla ; Tierra de leyenda ; Guayana ; El "demonio" de Stefan Zweig / _cLucila Palacios ; prólogo de Pedro Díaz Seijas. |
| 260 |
_aCaracas : _bAguilar, _c1954. |
||
| 300 |
_a627 p., 1 retr. autora ; _c12 cm. |
||
| 490 | 1 | _aColección de autores venezolanos | |
| 700 | 1 |
_aDíaz Seijas, Pedro. _944429 |
|
| 740 | 3 | 2 | _aLa gran serpiente. |
| 740 | 0 | 2 | _aNiebla. |
| 740 | 0 | 2 | _aTierra de leyenda. |
| 740 | 0 | 2 | _aGuayana. |
| 740 | 3 | 2 | _aEl "demonio" de Stefan Zweig. |
| 830 | 1 |
_aColección de autores venezolanos _9233191 |
|
| 852 | 4 |
_aES-MaACL _jC-10150 |
|
| 999 |
_c113452 _d113452 |
||